| 000 | 00448nam a22001577a 4500 | ||
|---|---|---|---|
| 005 | 20260312161836.0 | ||
| 008 | 260312b |||||||| |||| 00| 0 eng d | ||
| 037 | _cDSWL | ||
| 040 |
_aDSWL _cDSWL |
||
| 041 | _heng | ||
| 245 | _aFeminist supervision and complicity | ||
| 260 |
_aNew Delhi, _bZubaan Publication, _c2016 |
||
| 300 | _a297p | ||
| 942 |
_2CC _cTEXL _n0 |
||
| 999 |
_c1715276 _d1715276 |
||